Exposition portugaise (Record no. 7951)

MARC details
000 -CABECERA
campo de control de longitud fija 00829nam a2200217 a 4500
001 - NÚMERO DE CONTROL
campo de control BRCA_8283
005 - FECHA Y HORA DE LA ÚLTIMA TRANSACCIÓN
campo de control 20190320210218.0
008 - DATOS DE LONGITUD FIJA--INFORMACIÓN GENERAL
campo de control de longitud fija 120614s1931----fr-ac##f##---#000-0#fre-#
041 ## - CÓDIGO DE LENGUA
Código de lengua del texto/banda sonora o título independiente fre
044 ## - CÓDIGO DEL PAÍS DE LA ENTIDAD EDITORA/PRODUCTORA
Código MARC del país fr
050 #4 - SIGNATURA TOPOGRÁFICA DE LA BIBLIOTECA DEL CONGRESO
Número de clasificación N7124
Número de documento/Ítem E9 1931
245 10 - MENCIÓN DE TÍTULO
Título Exposition portugaise
Resto del título de l´époque des grandes découvertes jusqu´au XXe siècle
Mención de responsabilidad, etc. sousle haut patronage de monsieur le général Carmona, président de la Rèpublique Portugaise ; commisaire général Manuel da Silveira E Castro.
260 ## - PUBLICACIÓN, DISTRIBUCIÓN, ETC.
Lugar de publicación, distribución, etc. Paris
Nombre del editor, distribuidor, etc. Gauthier-Villars
Fecha de publicación, distribución, etc. [1931?]
300 ## - DESCRIPCIÓN FÍSICA
Extensión 74 p.
Otras características físicas il., retratos
Dimensiones 25 cm.
500 ## - NOTA GENERAL
Nota general S71
650 14 - PUNTO DE ACCESO ADICIONAL DE MATERIA--TÉRMINO DE MATERIA
Término de materia o nombre geográfico como elemento de entrada Arte portugués
Subdivisión de forma Exhibiciones
9 (RLIN) 20689
700 1# - PUNTO DE ACCESO ADICIONAL--NOMBRE DE PERSONA
Nombre de persona Carmona, António Óscar
Títulos y otros términos asociados al nombre Presidente de Portugal
9 (RLIN) 20690
700 1# - PUNTO DE ACCESO ADICIONAL--NOMBRE DE PERSONA
Nombre de persona Silveira E Castro, Manuel da
Títulos y otros términos asociados al nombre Comisario General
9 (RLIN) 20691
902 ## - CATALOGADOR
Iniciales GFM
942 ## - ELEMENTOS DE PUNTO DE ACCESO ADICIONAL (KOHA)
Fuente del sistema de clasificación o colocación Library of Congress Classification
Tipo de ítem Koha Libros
Holdings
Estado de retiro Estado de pérdida Estado dañado No para préstamo Localización permanente Ubicación/localización actual Fecha de adquisición Número de inventario Total de préstamos Signatura topográfica completa Código de barras Fecha visto por última vez Precio válido a partir de Tipo de ítem Koha
El ejemplar forma parte de la colección y puede ser consultado según las políticas vigentes.       Biblioteca del Museo Franz Mayer (Rogerio Casas-Alatriste) Biblioteca del Museo Franz Mayer (Rogerio Casas-Alatriste) 12/06/2014 S71   N7124 E9 1931 (S71) 8907 22/03/2019 22/03/2019 Libros